00476nam a2200181 a 4500001001300000003000900013005001700022008004100039020000900080082001700089100002800106245002800134260004500162300000900207500003500216505001500251700002800266nice12345678IN_TiNIC20260116011727.0050524s1974 seca grp 000 0 eng  ac1000a248.24bMIL1 aMiller, William Mcelwee aTen Muslims Meet Christ aSecunderabadbGood News Lit.Centrec1974 a163p aincludes index and biblioraphy2 aIll, Index1 aMiller, William Mcelwee